Ni viejo ni enfermo / (Record no. 143653)
[ view plain ]
| 000 -LEADER | |
|---|---|
| campo de control de longitud fija | 00800nam a22002531 4500 |
| 001 - NÚMERO DE CONTROL | |
| campo de control | 143653 |
| 003 - IDENTIFICADOR DE NÚMERO DE CONTROL | |
| campo de control | SpMaBN |
| 005 - FECHA Y HORA DE LA ÚLTIMA TRANSACCIÓN | |
| campo de control | 20230706145021.0 |
| 008 - DATOS DE LONGITUD FIJA--INFORMACIÓN GENERAL | |
| campo de control de longitud fija | 981210s1962 sp spa |
| 016 7# - NÚMERO DE CONTROL DE UNA AGENCIA BIBLIOGRÁFICA NACIONAL | |
| Número de control del registro | bimoBNE20000172684 |
| Número de control cancelado/no válido | IND9800829967 |
| Fuente | SpMaBN |
| 017 ## - NÚMERO DE COPYRIGHT O DE DEPÓSITO LEGAL | |
| Número de copyright o de depósito legal | B 27298-1962 |
| Agencia que asigna | Oficina Depósito Legal Barcelona |
| 035 ## - NÚMERO DE CONTROL DEL SISTEMA | |
| Número de control de sistema | (OCoLC)432713782 |
| 040 ## - FUENTE DE CATALOGACIÓN | |
| Centro catalogador/agencia de origen | SpMaBN |
| Lengua de catalogación | spa |
| Centro/agencia transcriptor | CDM |
| Centro/agencia modificador | ES-MaACL |
| 080 ## - NÚMERO DE LA CLASIFICACIÓN DECIMAL UNIVERSAL | |
| Número de la Clasificación Decimal Universal | 613.2(02) |
| 100 0# - ENTRADA PRINCIPAL--NOMBRE DE PERSONA | |
| Nombre de persona | Sero, Joaquín |
| Número de control del registro de autoridad o número normalizado | XX1136342 |
| 9 (RLIN) | 105590 |
| 240 10 - TÍTULO UNIFORME | |
| Título uniforme | Ni viejo ni enfermo |
| 245 10 - MENCIÓN DEL TÍTULO | |
| Título | Ni viejo ni enfermo / |
| Mención de responsabilidad, etc. | Joaquín Sero |
| 260 ## - PUBLICACIÓN, DISTRIBUCIÓN, ETC. | |
| Lugar de publicación, distribución, etc. | Barcelona: |
| Nombre del editor, distribuidor, etc. | Hymsa, |
| Fecha de publicación, distribución, etc. | 1962 |
| Fabricante | Sociedad General de Publicaciones |
| 300 ## - DESCRIPCIÓN FÍSICA | |
| Extensión | 175 p. : |
| Otras características físicas | grab. ; |
| Dimensiones | 21 cm |
| 650 #4 - PUNTO DE ACCESO ADICIONAL DE MATERIA--TÉRMINO DE MATERIA | |
| Término de materia o nombre geográfico como elemento de entrada | Dietética |
| Fuente del encabezamiento o término | embne |
| 9 (RLIN) | 11884 |
| 650 #4 - PUNTO DE ACCESO ADICIONAL DE MATERIA--TÉRMINO DE MATERIA | |
| Término de materia o nombre geográfico como elemento de entrada | Nutrición |
| Fuente del encabezamiento o término | embne |
| 9 (RLIN) | 15650 |
| 942 ## - ELEMENTOS DE ENTRADA SECUNDARIOS (KOHA) | |
| Fuente del sistema de clasificación o colocación | Clasificación decimal universal |
| Tipo de ítem Koha | Libro impreso |
| Estatus retirado | Estado de pérdida | Estado de daño | No para préstamo | Biblioteca de origen | Biblioteca actual | Ubicación en estantería | Fecha de adquisición | Fuente de adquisición | Total de préstamos | Signatura topográfica completa | Código de barras | Visto por última vez | Precio de reemplazo | Tipo de ítem Koha |
|---|---|---|---|---|---|---|---|---|---|---|---|---|---|---|
| Biblioteca del Ateneo de Madrid | Biblioteca del Ateneo de Madrid | Depósito 2 | 17/01/2008 | C-23490 | 1149459 | 23/02/2023 | 23/02/2023 | Libro impreso |
